Think agile : how smart entrepreneurs adapt in order to succeed /

Bibliographic Details
Main Author: Williams, Taffy, (Author)
Format: eBook
Language:English
Published: New York : American Management Association, 2015.
Subjects:
Online Access:Click to View
LEADER 01722nam a2200433 i 4500
001 EBC1707767
003 MiAaPQ
005 20200520144314.0
006 m o d |
007 cr cnu||||||||
008 141017t20152015nyu o 001 0 eng d
020 |z 9780814434307 
020 |a 9780814434314  |q (electronic bk.) 
035 |a (MiAaPQ)EBC1707767 
035 |a (Au-PeEL)EBL1707767 
035 |a (CaPaEBR)ebr10951954 
035 |a (CaONFJC)MIL650430 
035 |a (OCoLC)893336573 
040 |a MiAaPQ  |b eng  |e rda  |e pn  |c MiAaPQ  |d MiAaPQ 
050 4 |a HB615  |b .W554 2015 
082 0 |a 658.4/09  |2 23 
100 1 |a Williams, Taffy,  |e author. 
245 1 0 |a Think agile :  |b how smart entrepreneurs adapt in order to succeed /  |c Taffy Williams. 
264 1 |a New York :  |b American Management Association,  |c 2015. 
264 4 |c 2015 
300 |a 1 online resource (236 pages) 
336 |a text  |2 rdacontent 
337 |a computer  |2 rdamedia 
338 |a online resource  |2 rdacarrier 
500 |a Includes index. 
588 |a Description based on print version record. 
590 |a Electronic reproduction. Ann Arbor, MI : ProQuest, 2015. Available via World Wide Web. Access may be limited to ProQuest affiliated libraries. 
650 0 |a Entrepreneurship. 
650 0 |a Organizational change. 
650 0 |a Organizational effectiveness. 
655 4 |a Electronic books. 
776 0 8 |i Print version:  |a Williams, Taffy.  |t Think agile : how smart entrepreneurs adapt in order to succeed.  |d New York : American Management Association, c2015   |h xiii, 218 pages   |z 9780814434307   |w 2014014692 
797 2 |a ProQuest (Firm) 
856 4 0 |u https://ebookcentral.proquest.com/lib/matrademy/detail.action?docID=1707767  |z Click to View